1975年4月時点の急行五葉の停車駅 - Statistics

General Stats
  • This quiz has been taken 39 times
  • The average score is 10 of 15
Answer Stats
Answer % Correct
盛岡
100%
花巻
100%
宮古
100%
盛岡
100%
釜石
97%
遠野
87%
陸中山田
70%
茂市
60%
陸中大橋
57%
大槌
50%
日詰
47%
宮守
47%
陸中川井
40%
土沢
37%
岩手船越
33%
No matching quizzes found
Score Distribution
Percent of People with Each Score
Percentile by Number Answered
Your Score History
You have not taken this quiz